Normal view
MARC view
- Microsoft Press Stuple, Stuart.J
Entry Personal Name
001 - CONTROL NUMBER
- control field: 80094
003 - CONTROL NUMBER IDENTIFIER
- control field: NUST
005 - DATE AND TIME OF LATEST TRANSACTION
- control field: 20210628210606.0
008 - FIXED-LENGTH DATA ELEMENTS
- fixed length control field: 210628|| aca||aabn | a|a d
040 ## - CATALOGING SOURCE
- Original cataloging agency: NUST
- Transcribing agency: NUST
100 ## - HEADING--PERSONAL NAME
- Personal name: Microsoft Press Stuple, Stuart.J
670 ## - SOURCE DATA FOUND
- Source citation: Work cat.: (NUST): Microsoft Press Stuple, Stuart.J, Networking essentials hands on self paced training for supporting local and wide area networks, 1999
